Úrazové poistenie v Slovenskej republike a vo vybraných krajinách Európskej únie diplomová práca

Gespeichert in:
Bibliographische Detailangaben
1. Verfasser: Taragelová, Barbora
Körperschaft: Národohospodárska fakulta EU. Katedra poisťovníctva
Weitere Verfasser: Drugdová, Barbora
Format: Buch
Sprache:Slowakisch
Veröffentlicht: Bratislava 2009
Tags: Tag hinzufügen
Keine Tags, Fügen Sie das erste Tag hinzu!

MARC

LEADER 00000nam$a2200000$$$4500
001 0096488
005 20240318130549.8
041 0 |a slo 
044 |a SK 
245 1 0 |a Úrazové poistenie v Slovenskej republike a vo vybraných krajinách Európskej únie  |b diplomová práca  |c Barbora Taragelová ; škol. Barbora Drugdová 
264 1 |a Bratislava  |c 2009 
300 |a 64 s. 
100 1 |a Taragelová, Barbora 
700 1 |a Drugdová, Barbora 
710 2 |a Národohospodárska fakulta EU. Katedra poisťovníctva